Statistics for Europe in French - Map Quiz

Click here to take the quiz!

General Stats

  • This quiz has been taken 387 times
  • The average score is 38 of 45

Answers on the Map

Answers color-coded by a green-red scale on the quiz's map according to % correct below.
Loading ...
 

Answer Stats

Answer% Correct
France
97%
Espagne
95%
Portugal
95%
Russie
92%
Irlande
92%
Italie
92%
Grèce
92%
Finlande
91%
Danemark
91%
Islande
91%
Norvège
90%
Suède
89%
Belgique
89%
Ukraine
87%
Luxembourg
86%
Autriche
86%
Pologne
86%
Andorre
85%
Allemagne
85%
Croatie
85%
Suisse
85%
Biélorussie
84%
Bulgarie
84%
Vatican
84%
Royaume-Uni
84%
Estonie
84%
Roumanie
83%
Malte
83%
Albanie
83%
Hongrie
82%
Saint-Marin
82%
Monaco
82%
Liechtenstein
82%
Lituanie
82%
Lettonie
82%
République tchèque
82%
Moldavie
82%
Slovaquie
81%
Serbie
81%
Bosnie-Herzégovine
80%
Slovénie
80%
Kosovo
80%
Macédoine
80%
Pays-Bas
78%
Monténégro
77%

Score Distribution

Percentile by Number Answered

Percent of People with Each Score

Your Score History

You have not taken this quiz